| 000 | 00751nam a22002417a 4500 | ||
|---|---|---|---|
| 999 |
_c10309 _d10309 |
||
| 001 | 10309 | ||
| 003 | BD-JhCC | ||
| 005 | 20180520123352.0 | ||
| 008 | 180423r19731895ii 000 0 eng | ||
| 020 |
_a8170300924 : _cRs280.00 |
||
| 035 | _a(BD-JhCC)10309 | ||
| 040 |
_aDLC _cDLC _dDLC _dBD-JhCC |
||
| 041 | _aeng | ||
| 050 | 0 | 0 | _aMLCM 86/5038 (H) |
| 082 |
_bBIL 1973 _a915.4 |
||
| 100 | 1 | _aBillington, Mary Frances. | |
| 245 | 1 | 0 |
_aWoman in India / _cby Mary Frances Billington ; with introduction by the Marichioness [sic] of Dufferin and Ava C.I. |
| 260 |
_aDelhi, India : _bSri Satguru Publications, _c1973. |
||
| 300 |
_a269p. : _bill., ports. ; _c23 cm. |
||
| 650 |
_aWomen--Social conditions _zIndia |
||
| 942 |
_2ddc _cREF |
||